000 00886cab a2200253 4500
001 ABS57665
008 090401t1997 xxu||||| |||| 00| 0 eng d
035 _a(Sirsi) u81160
041 _aeng
100 _aMurrells, P.
245 _aSurveyors acting as expert witnesses
260 _c1997
350 _a0
490 _aStructural Survey
_v15(3) September 1997, 118-121(4)
520 _aDiscusses the new RICS practice statement and guidance notes for surveyors acting as expert witnesses, which came into effect on 1 March 1997. Suggests that compliance with the practice statement should help in resolving survey claims earlier.
650 _aEXPERT EVIDENCE
650 _aEXPERT WITNESSES
650 _aGUIDANCE NOTES
650 _aRICS
650 _aSURVEYORS
690 _aMANAGEMENT-BUSINESS MANAGEMENT-PROFESSIONAL PRACTICE
942 _n0
948 _c30/09/1997
999 _c51148
_d51148